000 01200nam a2200289 i 4500
001 181998
003 ES-MaACL
005 20250708063342.0
008 130523q1852 fr |||| | fre d
080 _a821.133.1-31"18"
100 1 _aBalzac, Honoré de,
_d1799-1850
_eaut
_925139
245 1 3 _aLa femme de trente ans ; La grande Bretèche /
_cHonoré de Balzac ; dessins par Tony Johannot, Staal, Bertall... [et al.].
260 _a[S.l. :
_bs.n.,
_cca. 1852]
_f(H. Didot)
300 _a48 páginas :
_bilustraciones ;
_c30 cm.
490 1 _aOeuvres illustrées de Balzac
594 _aTítulo y autor tomado de principio del texto
650 7 _aNovelas
_9233904
_2embne
700 1 _aJohannot, Tony,
_d1803-1852
_9128329
_eill
700 1 _aStaal, Gustave,
_d1817-1882
_9132875
_eill
700 0 _aBertall,
_d1820-1882
_9152766
_eill
740 3 2 _aLa grande Bretèche.
830 0 _aOeuvres illustrées de Balzac
_9191710
852 _aES-MaACL
_cDEPO
_eEjemplar falto de portada
_gFirma manuscrita de Goyeneche y Eugenio Agüera
_hLegado Goyeneche
_jR-1710(1)
_xEnc. en un vol. facticio
942 _2udc
_cMONANT
_n0
999 _c181998
_d181998